| Tag |
First Indicator |
Second Indicator |
Subfields |
| LEADER |
00000cam a22000001i 4500 |
| 001 |
in00003847310 |
| 006 |
m |o d | |
| 007 |
cr |n||||||||| |
| 008 |
170221s2017 ncua ob s001 0 eng d |
| 005 |
20250816223118.5 |
| 020 |
|
|
|a 9781469630939 (electronic bk.)
|
| 020 |
|
|
|a 1469630931 (electronic bk.)
|
| 020 |
|
|
|z 9781469630908
|
| 020 |
|
|
|z 1469630907
|
| 020 |
|
|
|z 9781469630915
|
| 020 |
|
|
|z 1469630915
|
| 024 |
8 |
|
|a 40026864759
|
| 035 |
|
|
|a (NhCcYBP)ebc4799491
|
| 040 |
|
|
|a NhCcYBP
|c NhCcYBP
|d UtOrBLW
|
| 043 |
|
|
|a a-vt---
|a n-us---
|
| 050 |
|
4 |
|a HV875.5
|b .V37 2017
|
| 082 |
0 |
4 |
|a 362.734089/95922073
|2 23
|
| 100 |
1 |
|
|a Varzally, Allison,
|d 1972-
|e author.
|0 http://id.loc.gov/authorities/names/n2007057138
|
| 245 |
1 |
0 |
|a Children of reunion :
|b Vietnamese adoptions and the politics of family migrations /
|c Allison Varzally.
|
| 264 |
|
1 |
|a Chapel Hill :
|b The University of North Carolina Press,
|c [2017]
|
| 300 |
|
|
|a 1 online resource.
|
| 336 |
|
|
|a text
|b txt
|2 rdacontent
|
| 337 |
|
|
|a computer
|b c
|2 rdamedia
|
| 338 |
|
|
|a online resource
|b cr
|2 rdacarrier
|
| 504 |
|
|
|a Includes bibliographical references and index.
|
| 588 |
|
|
|a Description based on print version record.
|
| 500 |
|
|
|a Electronic resource.
|
| 650 |
|
0 |
|a Intercountry adoption
|z Vietnam.
|
| 650 |
|
0 |
|a Intercountry adoption
|z United States.
|0 http://id.loc.gov/authorities/subjects/sh2008104783
|
| 650 |
|
0 |
|a Vietnam War, 1961-1975
|x Children.
|0 http://id.loc.gov/authorities/subjects/sh2010117829
|
| 650 |
|
0 |
|a Vietnam War, 1961-1975
|x Evacuation of civilians.
|0 http://id.loc.gov/authorities/subjects/sh2013002130
|
| 650 |
|
0 |
|a Adopted children
|z United States.
|
| 650 |
|
0 |
|a Amerasians.
|0 http://id.loc.gov/authorities/subjects/sh87005834
|
| 650 |
|
0 |
|a Vietnamese
|z United States.
|0 http://id.loc.gov/authorities/subjects/sh85143273
|
| 655 |
|
7 |
|a Electronic books.
|2 local
|
| 710 |
2 |
|
|a ProQuest (Firm)
|0 http://id.loc.gov/authorities/names/n2007068018
|
| 776 |
1 |
8 |
|c Original
|z 9781469630908
|z 1469630907
|z 9781469630915
|z 1469630915
|w (DLC) 2016021188
|
| 856 |
4 |
0 |
|u https://ebookcentral.proquest.com/lib/tamucs/detail.action?docID=4799491
|y Connect to the full text of this electronic book
|t 0
|
| 955 |
|
|
|a YBP purchased approval e-records
|
| 980 |
|
|
|b 135.00
|g 1
|
| 987 |
|
|
|a ybp13254046
|
| 999 |
f |
f |
|s e8173ece-63d6-3c99-b9b8-b71914ecbebd
|i baa9f3ba-34b5-3077-a17f-5b6d86207515
|t 0
|
| 952 |
f |
f |
|a Texas A&M University
|b College Station
|c Electronic Resources
|d Available Online
|t 0
|e HV875.5 .V37 2017
|h Library of Congress classification
|
| 998 |
f |
f |
|a HV875.5 .V37 2017
|t 0
|l Available Online
|